01493nam a2200349 a 450000100060000000300080000600500170001400800410003103500190007204000320009104100130012308200250013613000450016124500580020626000470026430000210031133600260033233700280035833800270038649000500041350001240046350001400058750400410072750500190076865000200078765000890080770000400089683000480093694200120098499900170099695201300101386516BD-RjUL20260519114913.0260519s1904 enk b 000 0 enm  a(BD-RjUL)86516 aDLCcDLCdDLCdBD-RjULbeng1 aenmalat00223a873.04bALP 19040 aAlphabetum narrationum.lEnglish.91853113aAn alphabet of tales /cedited by Mary Macleod Banks. aLondon :bEarly English Text Societyc1904 a260 p. ;c22 cm. atextbtxt2rdacontent aunmediatedbn2rdamedia avolumebnc2rdacarrier1 aEarly English Text Society. Original series ; a"English 15th century translation of the Alphabetum narrationum once attributed to Etienne de Besanc̀§on"--Facsim. t.p. aReprint. Originally published in 2 vols.: London : Published for the Early English Text Society by Kegan, Paul, Trench, Trùˆber, 1904. aIncludes bibliographical references.01aPart. I, A-H-- 0aExempla.918532 0aChristian literature, Latin (Medieval and modern)xTranslations into English.9185331 aBanks, Mary Macleod,d-1914.918534 0aEarly English Text Society (Series).918536 2ddccBK c86516d86516 00102ddc40718NFICaRUCLbRUCLcReadingd2026-05-19l0o873.04 ALP Pt-1,A-H 1904r2026-05-19 11:45:00tC-1w2026-05-19yBK